KOHA-Header-6

Digital Electronics Principles and Applications (Record no. 8013)

000 -LEADER
fixed length control field 00282nam a2200109Ia 4500
100 ## - MAIN ENTRY--AUTHOR NAME
Personal name Roger L. Tokheim
245 #0 - TITLE STATEMENT
Title Digital Electronics Principles and Applications
260 ## - PUBLICATION, DISTRIBUTION, ETC. (IMPRINT)
Place of publication USA
Name of publisher McGraw Hill
Year of publication 1988
300 ## - PHYSICAL DESCRIPTION
Number of Pages 395
942 ## - ADDED ENTRY ELEMENTS (KOHA)
Koha item type Books
Holdings
Withdrawn status Lost status Collection code Permanent Location Current Location Shelving location Date acquired Full call number Accession Number Koha item type
    Electrical Engineering MAJU MAJU   2019-09-13 621.2 2345 Electrical Engineering

Powered by Koha